| 000 | 006990000a22002650004500 | ||
|---|---|---|---|
| 500 | _aBibliography: p.59-60 | ||
| 650 | _aGeology | ||
| 650 | _aVolcanoes | ||
| 650 | _aRocks | ||
| 650 | _aTectonics | ||
| 650 | _aGeological structures | ||
| 651 | _aNepal | ||
| 650 | _aHimalaya | ||
| 082 |
_a551 _bT329g _cD |
||
| 518 | _a20000226 | ||
| 530 | _aDis | ||
| 100 | _aThapa, Shailesh Kumar | ||
| 245 | _aGeology of the area between the Kakaru Khola and the Sunkoshi River, Udayapur District Eastern Nepal | ||
| 260 | _aKathmandu, Nepal | ||
| 502 |
_aDissertation _bDegree in Geology, Tribhuvan University |
||
| 260 | _c1999 | ||
| 041 | _aEng | ||
| 300 |
_a60p. _billus. |
||
| 942 | _cGEN | ||
| 999 |
_c21554 _d21554 |
||